No hay quien engañe a Antonieta (Record no. 125080)

MARC details
000 -LEADER
campo de control de longitud fija 00962nam a2200241 i 4500
001 - NÚMERO DE CONTROL
campo de control 125080
003 - IDENTIFICADOR DE NÚMERO DE CONTROL
campo de control ES-MaACL
005 - FECHA Y HORA DE LA ÚLTIMA TRANSACCIÓN
campo de control 20230906192540.0
007 - CAMPO FIJO DE DESCRIPCIÓN FÍSICA--INFORMACIÓN GENERAL
campo de control de longitud fija t|
008 - DATOS DE LONGITUD FIJA--INFORMACIÓN GENERAL
campo de control de longitud fija 070503s1932 sp ||||1| spa d
100 1# - ENTRADA PRINCIPAL--NOMBRE DE PERSONA
Nombre de persona Cadenas, José Juan.
9 (RLIN) 33383
245 10 - MENCIÓN DEL TÍTULO
Título No hay quien engañe a Antonieta
Resto del título : adaptación española del vodevil en tres actos de Hennequín y Weber /
Mención de responsabilidad, etc. Cadenas y Gutiérrez-Roig ; dibujos de Mariano Ozores.
260 ## - PUBLICACIÓN, DISTRIBUCIÓN, ETC.
Lugar de publicación, distribución, etc. Madrid :
Nombre del editor, distribuidor, etc. Ribadeneyra,
Fecha de publicación, distribución, etc. 1932.
300 ## - DESCRIPCIÓN FÍSICA
Extensión 80 p. ;
Dimensiones 17 cm.
490 1# - MENCIÓN DE SERIE
Mención de serie La Farsa ;
Designación de volumen o secuencia 264
500 ## - NOTA GENERAL
Nota general Estrenada en el Teatro Eslava, de Madrid, el día 3 de diciembre de 1931.
500 ## - NOTA GENERAL
Nota general Cubierta de este número: Irene Guerrero de Luna y Mariano Ozores en una escena de No hay quien engañe a Antonieta.
700 1# - ENTRADA AGREGADA--NOMBRE PERSONAL
Nombre de persona Ozores, Mariano.
9 (RLIN) 88075
700 1# - ENTRADA AGREGADA--NOMBRE PERSONAL
Nombre de persona Gutiérrez-Roig, Enrique F.
9 (RLIN) 61218
830 0# - PUNTO DE ACCESO ADICIONAL DE SERIE-TÍTULO UNIFORME
Título uniforme La Farsa ;
Designación de volumen o secuencia 264
9 (RLIN) 185863
852 ## - LOCALIZACIÓN
Ubicación ES-MaACL
Número de control de estantería 2229-F-10
Sublocalización o colección R.140843
Holdings
Estatus retirado Estado de pérdida Estado de daño No para préstamo Colección Biblioteca de origen Biblioteca actual Ubicación en estantería Fecha de adquisición Fuente de adquisición Total de préstamos Signatura topográfica completa Código de barras Visto por última vez Precio de reemplazo Tipo de ítem Koha
        Colección de folletos Biblioteca del Ateneo de Madrid Biblioteca del Ateneo de Madrid Depósito folletos 17/01/2008     2229-F-10 1130314 23/02/2023 23/02/2023 Folleto